| 000 | 00673nam a22002057a 4500 | ||
|---|---|---|---|
| 005 | 20150423121500.0 | ||
| 010 | _aENG-112288 | ||
| 020 |
_a9788125056195 _c675.00 |
||
| 035 | _aEN-95820 | ||
| 037 | _bDBAD/PUB | ||
| 082 | _a954.09 | ||
| 100 | _aMenon, Nivedita | ||
| 245 |
_aPower and contestation : _cby Nivedita Menon [and] Aditya Nigam _bIndia since 1989 with a new epilogue / |
||
| 260 |
_aNew Delhi _bOrient BlackSwan _c2014 |
||
| 270 |
_a1/24, Asaf Ali Road, _bNew Delhi _e110002 |
||
| 300 |
_axii, 271p. _c23cm(pbk) |
||
| 500 | _aIncludes bibliographical references and index | ||
| 700 | _aNigam, Aditya | ||
| 942 |
_2ddc _cEN _mMEN _h954.09 |
||
| 999 |
_c92052 _d92052 |
||